Anne of Green Gables

Bibliographic Details
Main Author: Montgomery, L.M
Format: Book
Published: London : Wordsworth classics , 1994
Subjects:

MARC

LEADER 00000cam a2200000 7i4500
001 0000084708
005 20071217.0
020 |a 1853261394 
090 0 0 |a JF   |b MON 
100 1 |a Montgomery, L.M 
245 1 0 |a Anne of Green Gables   |c L.M.Montgomery 
260 |a London :   |b Wordsworth classics ,   |c 1994 
300 |a 280p. ;   |c 18cm. 
650 0 0 |a Children's stories 
999 |a 00172715   |b BUKU   |c PINJAMAN   |e PERPUSTAKAAN KOMUNITI PETALING JAYA